Statistics for Northernmost countries without glaciers

Click here to take the quiz!

General Stats

  • This quiz has been taken 106 times
  • The average score is 10 of 11

Answer Stats

Northernmost pointCountry% Correct
60°51'NUK
98%
57°45'NDenmark
96%
59°48'NEstonia
95%
58°05'NLatvia
95%
56°27'NLithuania
94%
55°26'NIreland
89%
54°50'NPoland
88%
53°32'NNetherlands
86%
56°08'NBelarus
84%
70°05'NFinland
83%
52°22'NUkraine
71%

Score Distribution

Percentile by Number Answered

Percent of People with Each Score

Your Score History

You have not taken this quiz